LEADER 02475nam 2200397Ia 450 001 996387469703316 005 20200824132438.0 035 $a(CKB)4940000000085725 035 $a(EEBO)2240924508 035 $a(OCoLC)ocm42475020e 035 $a(OCoLC)42475020 035 $a(EXLCZ)994940000000085725 100 $a19991002d1687 uy | 101 0 $aeng 135 $aurbn||||a|bb| 200 14$aThe English school-master$b[electronic resource] $eteaching all his scholars, of what age soever, the most easy, short, and perfect order of distinct reading, and true writing our English-tongue, that hath ever yet been known or published by any : and further also, teacheth a direct course, how any unskilful person may easily both understand any hard English words, which they shall in scriptures, sermons, or else-where hear or read, and also be made able to use the same aptly themselves, and generally whatsoever is necessary to be known for the English speech so that he which hath this book only, needeth to buy no other to make him fit from his letters to the grammar school, for an apprentice, or any other private use so far as concerneth English : and therefore it is made not only for children, though the first book be meer childish for them, but also for all other, especially for those that are ignorant in the Latin tongue : in the next page the school-master hangeth forth his table to the vew of all beholders, setting forth some of the chief commodities of his profession ... /$fby Edward Coote .. 205 $aPerused and approved by publick authority, and now the 45 time imprinted /$bwith certain copies to write by, at the end of this book added. 210 $a[London] $cPrinted by R. Roberts for the Company of Stationers$d1687 215 $a[8], 77, [2] p 300 $aColophon has imprint: London : Printed by J.M. for the Company of Stationers, 1687. 300 $aReproduction of original in the University of Illinois (Urbana-Champaign Campus). Library. 330 $aeebo-0167 606 $aReaders (Primary) 606 $aCopybooks$vEarly works to 1800 606 $aEnglish language$yEarly modern, 1500-1700 615 0$aReaders (Primary) 615 0$aCopybooks 615 0$aEnglish language 700 $aCoote$b Edmund$ffl. 1597.$01012997 801 0$bEAE 801 1$bEAE 801 2$bWaOLN 906 $aBOOK 912 $a996387469703316 996 $aThe English school-master$92354066 997 $aUNISA